| 000 | 01013cam a22003255a 4500 | ||
|---|---|---|---|
| 005 | 20220316235841.0 | ||
| 008 | 110518s1998 sp gr 000 0 spa | ||
| 020 | _a843681293X | ||
| 041 | 1 | _aspa | |
| 082 | 0 | 4 |
_a512 _bA22a |
| 100 | 1 | _aAbbott, P. | |
| 245 | 1 | 0 |
_aÁlgebra _cP. Abbott ; traducción, Santiago García y Jesús Pedraza |
| 250 | _aPrimera edición | ||
| 300 |
_a363 páginas _c21 cm |
||
| 490 | 0 | _aAprende tú solo | |
| 504 | _aIncluye bibliografía | ||
| 650 | 1 | 4 |
_aÁlgebra _2LEMB |
| 650 | 1 | 4 |
_aTeoría de los números _2LEMB |
| 650 | 1 | 4 |
_aFactorización (Matemáticas) _2LEMB |
| 650 | 1 | 4 |
_aEcuaciones _2LEMB |
| 650 | 1 | 4 |
_aDesigualdades (Matemáticas) _2LEMB |
| 700 | 1 |
_aGarcía, Santiago _etraductor _934667 |
|
| 700 | 1 |
_aPedraza, Jesús _etraductor _934668 |
|
| 942 |
_2ddc _cBK |
||
| 264 |
_aMadrid _bPirámide _c1998 |
||
| 336 |
_atexto _btxt _2rdacontent |
||
| 337 |
_asin mediación _bn _2rdamedia |
||
| 338 |
_avolumen _bnc _2rdacarrier |
||
| 040 |
_aCO-BoRNBP _bspa _erda _cCO-BoRNBP |
||
| 999 |
_c2380 _d2380 |
||